विकास, गरीबी और समता / (Record no. 39798)

MARC details
000 -LEADER
fixed length control field 01146nam a22002537a 4500
005 - DATE AND TIME OF LATEST TRANSACTION
control field 2010080605305.0
010 ## - LCCN (DPL NO)
LC control number HIN-90031
020 ## - INTERNATIONAL STANDARD BOOK NUMBER
Terms of availability 980.00
International Standard Book Number 9788184840100
035 ## - SYSTEM CONTROL NUMBER
System control number HN-62377
037 ## - SOURCE OF ACQUISITION
Source of stock number/acquisition DBAD / PUB
082 ## - DEWEY DECIMAL CLASSIFICATION NUMBER
Classification number 330.9
100 ## - MAIN ENTRY--PERSONAL NAME
Personal name दत्त, रूद्र
245 ## - TITLE STATEMENT
Title विकास, गरीबी और समता /
Statement of responsibility, etc रूद्र दत्त
246 ## - VARYING FORM OF TITLE
Title proper/short title Vikas, Garibi Aur Samta
Remainder of title by Rudra Dutt
260 ## - PUBLICATION, DISTRIBUTION, ETC. (IMPRINT)
Place of publication, distribution, etc नई दिल्ली
Name of publisher, distributor, etc रीगल पब्लिकेशन्स
Date of publication, distribution, etc 2009
270 ## - ADDRESS
Address एफ-159, रजौरी गार्डन
City नई दिल्ली
Postal code 110027
Telephone number 011-45546396
300 ## - PHYSICAL DESCRIPTION
Extent 314पृ
Dimensions 25सेमी (सजिल्द)
500 ## - GENERAL NOTE
General note भारत के आर्थिक एंव सामाजिक विकास की कहानी
700 ## - ADDED ENTRY--PERSONAL NAME
9 (RLIN) 7228
700 ## - ADDED ENTRY--PERSONAL NAME
9 (RLIN) 7267
700 ## - ADDED ENTRY--PERSONAL NAME
9 (RLIN) 7698
942 ## - ADDED ENTRY ELEMENTS (KOHA)
Institution code [OBSOLETE] dpl
Item type Hindi Books
Call number prefix
Source of classification or shelving scheme Dewey Decimal Classification
Call number suffix दत्तरू
Classification part 330.9
Holdings
Withdrawn status Lost status Not for loan Collection code Home library Current library Date acquired Source of acquisition Cost, normal purchase price Full call number Barcode Copy number Cost, replacement price Koha item type
    Not For Loan Reference D.B.Act.Division D.B.Act.Division 06/08/2010 DBAD / PUB 980.00 330.9 दत्तरू HN-62377 1 980.00 Hindi Books

© Delhi Public Library
Hit Counter
free hit counter